000 00320nam a22001457a 4500
008 210427b ||||| |||| 00| 0 eng d
020 _a0132145103
041 _aeng
080 _a004
082 _a004
100 _a28
101 _aSHKI
245 _aDigital Logic and Computer Design
_cMano,M.M
942 _2udc
_cBK
999 _c56820
_d56820